00366nam a2200133 a 4500008004100000020001500041050001700056100001700073245005000090246001600140260004800156350000900204700001900213120416s1992 ||||||||||||||||| || u a0521467861 aGN 281.4 Cam aSteve, Jones14aThe Cambridge encyclopedia of human evolution aJones Steve aCambridgebCambridge University Pressc1992 a0.00 aRobert, Martin